| 000 | 01624nam a2200337 a 4500 | ||
|---|---|---|---|
| 001 | BRCA_3216 | ||
| 005 | 20190320204152.0 | ||
| 008 | 270209s1766----enka---###---#000-0#eng-# | ||
| 041 | _aeng | ||
| 044 | _aenk | ||
| 084 |
_a517 _b.T66 _c1766 |
||
| 100 | 1 |
_aCervantes Saavedra, Miguel de _d1547-1616 _9213 |
|
| 245 | 1 | 0 |
_aThe Life and Exploits of the Ingenious Gentleman Don Quixote de la Mancha _cTranslated from the Original Spanish of Miguel de Cervantes Saavedra by Charles Jarvis. |
| 250 | _a4 | ||
| 260 |
_aLondres _bJ. and R. Tonson and J. Dodsley _c1766 |
||
| 300 |
_a4 v. _bil. _c18 cm. |
||
| 500 | _aContenido : v.1. Primera parte. Prefacio del traductor. Vida de Cervantes extractada de la escrita por Mayáns. Prólogo del autor. -- v.2. Primera parte. Texto. -- v.3. Segunda parte. Prólogo del autor. -- v.4. Segunda parte. Texto | ||
| 500 | _aEdición : The Whole Carefully Revised and Corrected, with a new Translation of the Poet. Parts by Another Hand | ||
| 500 | _aEjemplar por completo igual al anterior [516]. Piel; lomos y planos decorados con dorados Lúdovik Osterc | ||
| 500 | _aQM416 | ||
| 546 | _aTexto en : inglés | ||
| 650 | 1 | 4 |
_aNovela española _yÉpoca clásica, 1500-1700 _9215 |
| 650 | 1 | 4 |
_aLiteratura española _yÉpoca clásica, 1500-1700 _9216 |
| 650 | 1 | 4 |
_aNovela española _ySiglo XVII _9217 |
| 650 | 1 | 4 |
_aDon Quijote (Personaje ficticio) _eNovela _9218 |
| 700 | 1 |
_aJarvis, Charles _d?-1739 _eTraductor _98602 |
|
| 700 | 1 |
_aMayáns I. Siscar, Gregorio _d1699-1781 _eBiógrafo _98603 |
|
| 740 | 0 | _aEl Ingenioso Hidalgo Don Quijote de la Mancha | |
| 902 | _aQFM | ||
| 942 |
_2lcc _cB |
||
| 999 |
_c2952 _d2952 |
||